[Event "KAZ-ch sf"]
[Site "Pavlodar"]
[Date "2016.02.08"]
[Round "3"]
[White "Zhalmakhanov, Ramazan"]
[Black "Mansurov, Sergei"]
[Result "1-0"]
[WhiteElo "2313"]
[BlackElo "1925"]
[PlyCount "42"]
[EventDate "2016.02.05"]
[EventType "swiss"]
[EventRounds "9"]
[EventCountry "KAZ"]
[SourceTitle "CBM 171 Extra"]
[Source "ChessBase"]
[SourceDate "2016.04.26"]
[SourceVersion "1"]
[SourceVersionDate "2016.04.26"]
[SourceQuality "1"]

1. e4 c5 2. Nf3 d6 3. d4 cxd4 4. Nxd4 Nf6 5. Nc3 a6 6. Bc4 Nbd7 7. 0-0 Qc7 8. Qe2 e6 9. Bg5 Be7 10. Bxe6 fxe6 11. Nxe6 Qa5 12. Nxg7+ Kf7 13. Nf5 Nb6 14. Rae1 Qe5 15. f4 Qc5+ 16. Kh1 Bxf5 17. exf5 Rae8 18. Qe6+ Kg7 19. Rf3 Rhf8 20. Rg3 Kh8 21. Bxf6+ Bxf6 1-0

[Event "Pavlodar op"]
[Site "Pavlodar"]
[Date "2014.12.04"]
[Round "5"]
[White "Ankudinova, Elena"]
[Black "Mansurov, Sergei"]
[Result "1-0"]
[WhiteElo "2177"]
[BlackElo "1919"]
[PlyCount "113"]
[EventDate "2014.12.01"]
[EventType "swiss"]
[EventRounds "9"]
[EventCountry "KAZ"]
[SourceTitle "EXT 2016"]
[Source "ChessBase"]
[SourceDate "2015.10.08"]
[SourceVersion "1"]
[SourceVersionDate "2015.10.08"]
[SourceQuality "1"]

1. c4 c5 2. Nf3 Nf6 3. Nc3 Nc6 4. d4 cxd4 5. Nxd4 g6 6. e4 d6 7. Be2 Bg7 8. Be3 0-0 9. 0-0 Bd7 10. Nc2 Ne5 11. f3 a6 12. Qd2 Rc8 13. b3 Bc6 14. Nd4 Bd7 15. Rac1 Re8 16. Rfd1 Qa5 17. Qb2 Qd8 18. Bf1 h5 19. Qf2 Kh7 20. h3 Nc6 21. Nxc6 Rxc6 22. Nd5 Qb8 23. Ba7 Qa8 24. Bd4 e5 25. Nxf6+ Bxf6 26. Be3 Be6 27. Rc2 g5 28. Rcd2 Be7 29. a4 f6 30. h4 Rg8 31. Rc1 Qb8 32. a5 Qc7 33. Bb6 Qc8 34. Bd3 Bf8 35. Rdc2 Bh6 36. Be3 gxh4 37. Bxh6 Kxh6 38. Qxh4 Rg5 39. Kf2 Qg8 40. Bf1 f5 41. exf5 Bxf5 42. Rd2 Qf8 43. Rcd1 Qf6 44. Qh2 Rg6 45. Bd3 Bxd3 46. Rxd3 Qg5 47. Rh1 Rc5 48. Ra1 Qf5 49. Rd2 Qf6 50. Re2 e4 51. Rae1 Qd4+ 52. Re3 Rcg5 53. Qf4 Kg7 54. g4 Qd2+ 55. R1e2 Qc1 56. Rxe4 hxg4 57. Qxc1 1-0

[Event "Pavlodar op"]
[Site "Pavlodar"]
[Date "2014.12.02"]
[Round "3"]
[White "Nugumanov, Bakhtiyar"]
[Black "Mansurov, Sergei"]
[Result "1-0"]
[WhiteElo "2296"]
[BlackElo "1919"]
[PlyCount "30"]
[EventDate "2014.12.01"]
[EventType "swiss"]
[EventRounds "9"]
[EventCountry "KAZ"]
[SourceTitle "EXT 2016"]
[Source "ChessBase"]
[SourceDate "2015.10.08"]
[SourceVersion "1"]
[SourceVersionDate "2015.10.08"]
[SourceQuality "1"]

1. e4 c5 2. Nf3 d6 3. d4 cxd4 4. Nxd4 Nf6 5. Nc3 g6 6. f4 Bg7 7. e5 Nh5 8. Bb5+ Kf8 9. g4 a6 10. Be2 e6 11. gxh5 Qh4+ 12. Kf1 Qh3+ 13. Kg1 gxh5 14. Bf1 Qh4 15. Nf3 Qg4+ 1-0

[Event "Koltsovo op-A"]
[Site "Koltsovo"]
[Date "2006.06.12"]
[Round "1"]
[White "Dergilev, Igor"]
[Black "Mansurov, Sergei"]
[Result "1-0"]
[WhiteElo "2297"]
[BlackElo "2044"]
[PlyCount "74"]
[EventDate "2006.06.12"]
[EventType "swiss"]
[EventRounds "9"]
[EventCountry "RUS"]
[SourceTitle "EXT 2008"]
[Source "ChessBase"]
[SourceDate "2007.11.25"]
[SourceVersion "1"]
[SourceVersionDate "2007.11.25"]
[SourceQuality "1"]

1. d4 d5 2. Nf3 Nf6 3. e3 e6 4. Bd3 Be7 5. Nbd2 0-0 6. 0-0 c5 7. c3 b6 8. dxc5 bxc5 9. e4 Ba6 10. Bxa6 Nxa6 11. Qe2 Qb6 12. b3 Rfe8 13. Rd1 Rad8 14. e5 Nd7 15. Nf1 Nab8 16. Bf4 Nf8 17. h4 Nc6 18. h5 f6 19. N1h2 f5 20. g4 d4 21. c4 a5 22. Rab1 Nb4 23. Ne1 Qc6 24. a3 Na6 25. f3 Rb8 26. Qc2 g5 27. Bd2 Qc7 28. f4 gxf4 29. Bxf4 Qd7 30. Nef3 Rb7 31. Kh1 fxg4 32. Rg1 Qc6 33. Rxg4+ Kh8 34. Rbg1 Ng6 35. hxg6 h5 36. g7+ Kg8 37. Rg6 Bd8 1-0